<?xml version="1.0" encoding="UTF-8"?>
<record
    xmlns:xsi="http://www.w3.org/2001/XMLSchema-instance"
    xsi:schemaLocation="http://www.loc.gov/MARC21/slim http://www.loc.gov/standards/marcxml/schema/MARC21slim.xsd"
    xmlns="http://www.loc.gov/MARC21/slim">

  <leader>01379nam1a22002891i 4500</leader>
  <controlfield tag="001">rc\3470944</controlfield>
  <controlfield tag="005">20240921114412.0</controlfield>
  <datafield tag="035" ind1=" " ind2=" ">
    <subfield code="a">(NLR Aleph) 007596349</subfield>
  </datafield>
  <datafield tag="090" ind1=" " ind2=" ">
    <subfield code="a">5666396</subfield>
    <subfield code="c">5666396</subfield>
  </datafield>
  <datafield tag="100" ind1=" " ind2=" ">
    <subfield code="a">20130115d1969    |||y0rusy50      ca</subfield>
  </datafield>
  <datafield tag="101" ind1="0" ind2=" ">
    <subfield code="a">rus</subfield>
  </datafield>
  <datafield tag="102" ind1=" " ind2=" ">
    <subfield code="a">RU</subfield>
  </datafield>
  <datafield tag="105" ind1=" " ind2=" ">
    <subfield code="a">y   z   |||||</subfield>
  </datafield>
  <datafield tag="200" ind1="1" ind2=" ">
    <subfield code="a">&#x41D;&#x435;&#x43C;&#x435;&#x446;&#x43A;&#x438;&#x439; &#x44F;&#x437;&#x44B;&#x43A;</subfield>
    <subfield code="e">&#x413;&#x440;&#x430;&#x43C;&#x43C;&#x430;&#x442;&#x438;&#x447;&#x435;&#x441;&#x43A;&#x438;&#x435; &#x443;&#x43F;&#x440;&#x430;&#x436;&#x43D;&#x435;&#x43D;&#x438;&#x44F;</subfield>
    <subfield code="e">[&#x412; 2 &#x447;.]</subfield>
    <subfield code="f">[&#x41E;&#x442;&#x432;. &#x440;&#x435;&#x434;. &#x428;.&#x420;. &#x41C;&#x43E;&#x43B;&#x43E;&#x442;&#x43A;&#x43E;&#x432;&#x430;]. &#x427;. 1-</subfield>
    <subfield code="g">&#x41B;&#x435;&#x43D;&#x438;&#x43D;&#x433;&#x440;. &#x43E;&#x440;&#x434;&#x435;&#x43D;&#x430; &#x41B;&#x435;&#x43D;&#x438;&#x43D;&#x430; &#x438; &#x43E;&#x440;&#x434;&#x435;&#x43D;&#x430; &#x422;&#x440;&#x443;&#x434;&#x43E;&#x432;&#x43E;&#x433;&#x43E; &#x41A;&#x440;&#x430;&#x441;&#x43D;&#x43E;&#x433;&#x43E; &#x417;&#x43D;&#x430;&#x43C;&#x435;&#x43D;&#x438; &#x433;&#x43E;&#x441;. &#x443;&#x43D;-&#x442; &#x438;&#x43C;. &#x410;.&#x410;. &#x416;&#x434;&#x430;&#x43D;&#x43E;&#x432;&#x430;. &#x41E;&#x442;&#x434;. &#x432;&#x435;&#x447;&#x435;&#x440;&#x43D;&#x435;&#x433;&#x43E; &#x438; &#x437;&#x430;&#x43E;&#x447;. &#x43E;&#x431;&#x443;&#x447;&#x435;&#x43D;&#x438;&#x44F;. &#x41A;&#x430;&#x444;&#x435;&#x434;&#x440;&#x430; &#x43D;&#x435;&#x43C;. &#x44F;&#x437;.</subfield>
  </datafield>
  <datafield tag="210" ind1=" " ind2=" ">
    <subfield code="a">&#x41B;&#x435;&#x43D;&#x438;&#x43D;&#x433;&#x440;&#x430;&#x434;</subfield>
    <subfield code="c">&#x411;. &#x438;.</subfield>
    <subfield code="d">1969</subfield>
  </datafield>
  <datafield tag="215" ind1=" " ind2=" ">
    <subfield code="d">22</subfield>
  </datafield>
  <datafield tag="225" ind1="1" ind2=" ">
    <subfield code="a">&#x41F;&#x43E;&#x441;&#x43E;&#x431;&#x438;&#x435; &#x434;&#x43B;&#x44F; &#x432;&#x435;&#x447;&#x435;&#x440;&#x43D;&#x438;&#x43A;&#x43E;&#x432; &#x438; &#x437;&#x430;&#x43E;&#x447;&#x43D;&#x438;&#x43A;&#x43E;&#x432;</subfield>
  </datafield>
  <datafield tag="300" ind1=" " ind2=" ">
    <subfield code="a">&#x41F;&#x435;&#x440;&#x435;&#x434; &#x437;&#x430;&#x433;&#x43B;. &#x430;&#x432;&#x442;.: &#x41C;.&#x425;. &#x424;&#x440;&#x438;&#x434;&#x431;&#x435;&#x440;&#x433;, &#x41D;.&#x415;. &#x417;&#x443;&#x435;&#x432;&#x430;, &#x418;.&#x41D;. &#x41A;&#x440;&#x43E;&#x442;&#x43E;&#x432;&#x430; [&#x438; &#x434;&#x440;.]</subfield>
  </datafield>
  <datafield tag="701" ind1=" " ind2="1">
    <subfield code="a">&#x424;&#x440;&#x438;&#x434;&#x431;&#x435;&#x440;&#x433;</subfield>
    <subfield code="b">&#x41C;.&#x425;.</subfield>
    <subfield code="g">&#x41C;&#x438;&#x445;&#x430;&#x438;&#x43B; &#x425;&#x430;&#x440;&#x438;&#x442;&#x43E;&#x43D;&#x43E;&#x432;&#x438;&#x447;</subfield>
  </datafield>
  <datafield tag="701" ind1=" " ind2="1">
    <subfield code="a">&#x417;&#x443;&#x435;&#x432;&#x430;</subfield>
    <subfield code="b">&#x41D;.&#x415;.</subfield>
  </datafield>
  <datafield tag="701" ind1=" " ind2="1">
    <subfield code="a">&#x41A;&#x440;&#x43E;&#x442;&#x43E;&#x432;&#x430;</subfield>
    <subfield code="b">&#x418;.&#x41D;.</subfield>
  </datafield>
  <datafield tag="702" ind1=" " ind2="1">
    <subfield code="4">340</subfield>
    <subfield code="7">ca</subfield>
    <subfield code="8">rus</subfield>
    <subfield code="a">&#x41C;&#x43E;&#x43B;&#x43E;&#x442;&#x43A;&#x43E;&#x432;&#x430;</subfield>
    <subfield code="b">&#x428;. &#x420;.</subfield>
    <subfield code="f">1903-1983</subfield>
    <subfield code="g">&#x428;&#x430;&#x440;&#x43B;&#x43E;&#x442;&#x442;&#x430; &#x420;&#x443;&#x434;&#x43E;&#x43B;&#x44C;&#x444;&#x43E;&#x432;&#x43D;&#x430;</subfield>
    <subfield code="9">211904</subfield>
    <subfield code="3">RU\NLR\AUTH\770211960</subfield>
  </datafield>
  <datafield tag="801" ind1=" " ind2="0">
    <subfield code="a">RU</subfield>
    <subfield code="b">NLR</subfield>
    <subfield code="g">psbo</subfield>
  </datafield>
  <datafield tag="801" ind1=" " ind2="1">
    <subfield code="a">RU</subfield>
    <subfield code="b">ELAR</subfield>
    <subfield code="2">rusmarc</subfield>
  </datafield>
  <datafield tag="852" ind1=" " ind2=" ">
    <subfield code="a">NLR</subfield>
    <subfield code="j">70-6/2880</subfield>
  </datafield>
  <datafield tag="942" ind1=" " ind2=" ">
    <subfield code="c">BOOK</subfield>
  </datafield>
</record>
